000 00803nam a2200289 a 4500
003 AR-BaBNM
005 20251128203819.0
008 082120s2002 ||||||||||||||000 | spa||
020 _a950-02-5753-X
040 _cAR-BaBNM
100 1 _aFranqueiro, Amanda A.
245 0 0 _aLa enseñanza de las ciencias sociales
250 _a9ª ed.
260 _aBuenos Aires
_bEl Ateneo
_c1992
300 _a86 p.
_bgráfs., tablas, mapas
504 _aContiene bibliografía
650 4 _aENSEÑANZA DE LAS CIENCIAS SOCIALES
650 4 _aMATERIAS DEL CURRICULO
650 4 _aMETODOS DE ENSEÑANZA
650 4 _aPROGRAMAS DE ESTUDIOS
650 4 _aFORMACION DE DOCENTES
651 4 _aArgentina
653 0 _aSISTEMA EDUCATIVO
653 _aEVALUACION EDUCATIVA
942 _cBK
998 _cHector
999 _c5016
_d5016